A carregar...
Kavitha/
| Autor principal: | |
|---|---|
| Formato: | Printed Book |
| Publicado em: |
Kottayam:
D C Books,
2017.
|
| Assuntos: |
| LEADER | 00513nam a22001577a 4500 | ||
|---|---|---|---|
| 020 | |a 9788126410651 | ||
| 082 | |a M1 |b RAM/K | ||
| 100 | |a Ramachandran R |9 26944 | ||
| 245 | |a Kavitha/ |c by R Ramachandran. | ||
| 260 | |a Kottayam: |b D C Books, |c 2017. | ||
| 300 | |a 238p. | ||
| 650 | |a Literature Malayalam |v Poetry |9 26945 | ||
| 650 | |a Literature |9 26946 | ||
| 942 | |c BK | ||
| 999 | |c 69056 |d 69056 | ||
| 952 | |0 0 |1 0 |4 0 |6 M_1_000000000000000_RAM_K |7 0 |9 89538 |a SSUS |b SSUS |c STACKS |d 2017-11-30 |g 230.00 |o M1 RAM/K |p 086290 |r 2017-11-30 |w 2017-11-30 |y BK | ||